Ako vypestovať prakticky všetko [100vky záhradných projektov naozaj pre každého]

Bibliographic Details
Main Authors: Allaway, Zia (Author), Leendertz, Lia (Author)
Other Authors: Brožíková, Jana (prekladateľka) (Translator)
Format: Book
Language:Slovak
English
PhysicalDescription:448 s. fareb. fotogr. 24 cm
Published: Bratislava Ikar 2011
ISBN:9788055127064
Subjects:

MARC

LEADER 00000cam a2200000 a 4500
001 vtls010332490
003 SK-MaSNL
005 20260301183442.0
008 240318s2011 xo o 001 0 slo
015 |a SNBA2012/04-01950 
020 |a 9788055127064  |q (viaz.) 
035 |a 52358CBC-01FB-4C7D-89B8-F34E0C2D9909 
035 |a urn:nbn:sk:snk-amjjgr 
035 |a urn:nbn:sk:snk-am000wph 
040 |a SNK  |b slo  |c SNK  |e AACR2 
041 1 |a slo  |h eng 
044 |a xo  |c SK 
072 7 |a 635  |x Záhradkárstvo  |2 konspekt 
080 |a 633/635  |2 2001 
080 |a 632.9  |2 2001 
080 |a (035)  |2 2001 
080 |a 634/635  |2 2001 
080 |a 635.9  |2 2001 
080 |a 634.1/.8  |2 2001 
100 1 |a Allaway, Zia  |4 aut  |9 151047 
240 1 0 |a How to grow practically everything  |l Slovensky 
245 1 0 |a Ako vypestovať prakticky všetko  |b [100vky záhradných projektov naozaj pre každého]  |c Zia Allawazová, Lia Leendertzová ; [z anglického originálu preložila a zoznam slovenských názvov spracovala Jana Brožíková] 
260 |a Bratislava  |b Ikar  |c 2011 
300 |a 448 s.  |b fareb. fotogr.  |c 24 cm 
500 |a Zozn. slov. náz. 
504 |a Reg. 
650 0 7 |a pestovanie rastlín  |2 SNKPH  |9 29223 
650 0 7 |a ochrana rastlín  |2 SNKPH  |9 3636 
650 0 7 |a Plants cultivation  |2 SNKPHeng  |9 268449 
650 0 7 |a Plant conservation  |2 SNKPHeng  |9 275972 
650 0 7 |a záhradkárstvo  |2 SNKPH  |9 2728 
650 0 7 |a Horticulture  |2 SNKPHeng  |9 93128 
650 0 7 |a okrasné rastliny  |2 SNKPH  |9 2727 
650 0 7 |a Ornamental plants  |2 SNKPHeng  |9 292041 
650 0 7 |a Fruit growing  |2 SNKPHeng  |9 274546 
650 0 7 |a ovocinárstvo  |2 SNKPH  |9 16370 
655 7 |a príručky  |2 SNKPH  |9 74364 
655 7 |a Handbooks, manuals, etc.  |2 SNKPHeng  |9 90964 
700 1 |a Leendertz, Lia  |4 aut  |9 558717 
700 1 |a Brožíková, Jana  |c (prekladateľka)  |4 trl  |9 222241 
852 |a Štátna vedecká knižnica v Banskej Bystrici 
919 |a 978-80-551-2706-4 
958 |a OP 
968 |b ENG  |d 63 
999 |c 857048  |d 858978 
952 |a SNK  |b SNK  |y PREZ  |7 0  |p 17A0876708  |o snkSC 148023  |i snk2012/2760  |8 0  |0 0  |1 0  |4 0  |d 2012-02-01  |l 0  |r 2025-07-16 00:00:00  |w 2026-02-24 
952 |a SNK  |b SNK  |y VYP  |7 0  |p 17A0876709  |o snkSC 148023 D1  |i snk2012/2761  |8 0  |0 0  |1 0  |4 0  |d 2012-02-01  |f 1  |l 0  |r 2026-02-24 05:00:39  |w 2026-02-24